[Event "Women's Speed Chess Q2"]
[Site "chess.com INT"]
[Date "2020.06.19"]
[Round "6"]
[White "Nandhidhaa, P V"]
[Black "Mammadzada, Gunay"]
[Result "0-1"]
[WhiteTitle "WGM"]
[BlackTitle "IM"]
[WhiteElo "2365"]
[BlackElo "2443"]
[WhiteFideId "5050847"]
[BlackFideId "13403729"]
[EventDate "2020.06.19"]

1. e4 c5 2. Nf3 d6 3. d4 cxd4 4. Nxd4 Nf6 5. Bc4 a6 6. O-O e6 7. Bd3 Be7 8. c4
O-O 9. Nc3 Nc6 10. Nxc6 bxc6 11. b3 e5 12. h3 Be6 13. Be3 Nd7 14. Qd2 h6 15.
Rad1 Qc7 16. Bb1 Rad8 17. Qe2 Bg5 18. Bxg5 hxg5 19. Rd2 Nc5 20. Rfd1 a5 21. Qe3
f6 22. Bc2 g4 23. hxg4 Bxg4 24. f3 Bh5 25. a3 Ne6 26. Ne2 c5 27. Qc3 Nd4 28. b4
axb4 29. axb4 Rb8 30. b5 Ra8 31. Nxd4 cxd4 32. Qd3 Qc5 33. Rb1 Bf7 34. Bb3 Rfc8
35. Rc2 Ra3 36. Qd2 d3+ 37. Qf2 dxc2 0-1

[Event "Women's Speed Chess Q2"]
[Site "chess.com INT"]
[Date "2020.06.19"]
[Round "6"]
[White "Belenkaya, Dina"]
[Black "Eswaran, Ashritha"]
[Result "0-1"]
[WhiteTitle "WGM"]
[BlackTitle "WIM"]
[WhiteElo "2297"]
[BlackElo "2244"]
[WhiteFideId "24142654"]
[BlackFideId "2080788"]
[EventDate "2020.06.19"]

1. e4 c5 2. Nf3 a6 3. g3 g6 4. c3 Bg7 5. Bg2 e5 6. d3 Nc6 7. O-O Nge7 8. Nbd2
O-O 9. Nc4 d6 10. a4 h6 11. a5 Be6 12. Qa4 Kh7 13. Nb6 Rb8 14. Be3 f5 15. Rac1
f4 16. Bd2 g5 17. Ne1 g4 18. f3 fxg3 19. hxg3 gxf3 20. Nxf3 Ng6 21. Nd5 Qd7 22.
b4 cxb4 23. cxb4 Bh3 24. b5 axb5 25. Qxb5 Qg4 26. Ne3 Qxg3 27. Be1 Qf4 28. Qb6
Bxg2 29. Kxg2 Nd4 30. Nf5 Nxf3 31. Rc7 Nfh4+ 32. Kh3 Qxf1+ 33. Kh2 Qg2# 0-1

[Event "Women's Speed Chess Q2"]
[Site "chess.com INT"]
[Date "2020.06.19"]
[Round "6"]
[White "Kirchei, Viktoriia"]
[Black "Soumya, Swaminathan"]
[Result "1-0"]
[WhiteTitle "WFM"]
[BlackTitle "IM"]
[WhiteElo "2207"]
[BlackElo "2351"]
[WhiteFideId "34133396"]
[BlackFideId "5016193"]
[EventDate "2020.06.19"]

1. d3 e5 2. Nd2 d5 3. g3 Nf6 4. Bg2 Be6 5. e3 Bd6 6. Ne2 Qd7 7. h3 Nc6 8. f4
O-O-O 9. g4 g6 10. a4 h5 11. g5 Ng8 12. a5 a6 13. c3 Nge7 14. b4 Nf5 15. Nf3
exf4 16. exf4 Rhe8 17. b5 axb5 18. a6 bxa6 19. Rxa6 Kb7 20. Ra1 Ra8 21. Rb1 Ra5
22. O-O Bc5+ 23. Kh2 Ne3 24. Bxe3 Bxe3 25. c4 dxc4 26. Ne5 Qd6 27. Nxc6 Bd5 28.
Nxa5+ Kc8 29. dxc4 1-0

[Event "Women's Speed Chess Q2"]
[Site "chess.com INT"]
[Date "2020.06.19"]
[Round "6"]
[White "Shuvalova, Polina"]
[Black "Kashlinskaya, Alina"]
[Result "0-1"]
[WhiteTitle "WGM"]
[BlackTitle "IM"]
[WhiteElo "2454"]
[BlackElo "2494"]
[WhiteFideId "24171760"]
[BlackFideId "4198026"]
[EventDate "2020.06.19"]

1. e4 e5 2. Nf3 Nf6 3. Nxe5 d6 4. Nc4 Nxe4 5. Qe2 Qe7 6. Ne3 Be6 7. b3 Nc6 8.
Bb2 d5 9. g3 h5 10. d3 Nf6 11. Nd2 O-O-O 12. Bg2 h4 13. O-O-O Qc5 14. Kb1 Qa5
15. f4 Ba3 16. f5 Bd7 17. Bxa3 Qxa3 18. Nxd5 Nxd5 19. Bxd5 Nb4 20. Bxb7+ Kxb7
21. Nc4 Qxa2+ 22. Kc1 Bc6 23. Rhg1 Rhe8 24. Qf2 Qa1+ 25. Kd2 Rxd3+ 26. cxd3 Qa2+
27. Kc3 Nd5+ 0-1

[Event "Women's Speed Chess Q2"]
[Site "chess.com INT"]
[Date "2020.06.19"]
[Round "6"]
[White "Tarasova, Viktoriya"]
[Black "Sucikova, Svetlana"]
[Result "1-0"]
[WhiteTitle "WIM"]
[BlackTitle "WFM"]
[WhiteElo "2226"]
[BlackElo "2171"]
[WhiteFideId "4175840"]
[BlackFideId "14923653"]
[EventDate "2020.06.19"]

1. d4 d5 2. c4 e6 3. Nc3 Nf6 4. cxd5 exd5 5. Bg5 c6 6. Qc2 g6 7. e3 Bf5 8. Qb3
b6 9. f3 Bg7 10. e4 dxe4 11. fxe4 Be6 12. d5 cxd5 13. Bb5+ Bd7 14. e5 Qe7 15.
Nf3 Qe6 16. O-O Ne4 17. Nxd5 O-O 18. Bc4 Qg4 19. Be7 Nc5 20. Bxc5 bxc5 21. Nc7
Bc6 22. Nxa8 Bxa8 23. Bd5 Nc6 24. e6 Kh8 25. exf7 Nd4 26. Nxd4 Bxd4+ 27. Kh1
Bxd5 1-0

[Event "Women's Speed Chess Q2"]
[Site "chess.com INT"]
[Date "2020.06.19"]
[Round "6"]
[White "Sviridova, Vlada"]
[Black "Tarleva, Vira"]
[Result "1-0"]
[WhiteTitle "WFM"]
[BlackTitle "WFM"]
[WhiteElo "2144"]
[BlackElo "2030"]
[WhiteFideId "24109606"]
[BlackFideId "14116693"]
[EventDate "2020.06.19"]

1. d4 d5 2. c4 c6 3. Nf3 Nf6 4. Nc3 a6 5. e3 e6 6. b3 Nbd7 7. Be2 c5 8. O-O cxd4
9. Nxd4 dxc4 10. Bxc4 Bb4 11. Bb2 O-O 12. a3 Bc5 13. b4 Ba7 14. Be2 Qe7 15. Bf3
Ne5 16. Be2 Bd7 17. Qb3 Rac8 18. Rfd1 b5 19. a4 Bxd4 20. Rxd4 Nc6 21. Rdd1 Qxb4
22. Qxb4 Nxb4 23. axb5 axb5 24. Bxb5 Bxb5 25. Nxb5 Nfd5 26. Be5 Rc2 27. Nd4 Rc4
28. Rdc1 Rfc8 29. Rxc4 Rb8 1-0

[Event "Women's Speed Chess Q2"]
[Site "chess.com INT"]
[Date "2020.06.19"]
[Round "6"]
[White "Nguyen, Thi Mai Hung"]
[Black "Bivol, Alina"]
[Result "0-1"]
[WhiteTitle "WGM"]
[BlackTitle "WGM"]
[WhiteElo "2258"]
[BlackElo "2386"]
[WhiteFideId "12401676"]
[BlackFideId "4100123"]
[EventDate "2020.06.19"]

1. d4 Nf6 2. Nf3 g6 3. g3 Bg7 4. Bg2 O-O 5. O-O d6 6. a4 Nbd7 7. a5 a6 8. Re1 e5
9. e4 Re8 10. Nc3 exd4 11. Nxd4 Nc5 12. h3 Bd7 13. Bg5 h6 14. Bf4 g5 15. Bc1 c6
16. Nf5 Bxf5 17. exf5 d5 18. Rxe8+ Qxe8 19. Be3 Nce4 20. Ne2 Qd7 21. g4 Re8 22.
c3 Qe7 23. Nd4 Nd7 24. Nf3 Ne5 25. Nxe5 Qxe5 26. Qb3 h5 27. Qxb7 hxg4 28. hxg4
Nf6 29. Bd4 Qf4 30. Qxc6 Re2 31. Qxa6 Rxb2 32. f3 Nxg4 33. fxg4 Bxd4+ 34. cxd4
Qf2+ 35. Kh1 Qxg2# 0-1

[Event "Women's Speed Chess Q2"]
[Site "chess.com INT"]
[Date "2020.06.19"]
[Round "6"]
[White "Divya, Deshmukh"]
[Black "Rakhmangulova, Anastasiya"]
[Result "1-0"]
[WhiteTitle "WIM"]
[BlackTitle "WIM"]
[WhiteElo "2305"]
[BlackElo "2191"]
[WhiteFideId "35006916"]
[BlackFideId "14117479"]
[EventDate "2020.06.19"]

1. e4 d5 2. exd5 Qxd5 3. Nc3 Qd6 4. Bc4 Nf6 5. d3 Bg4 6. Nge2 Nc6 7. f3 Bh5 8.
Be3 e5 9. Qd2 a6 10. Ng3 Bg6 11. a4 Qd7 12. Nce4 Bxe4 13. fxe4 Ng4 14. O-O f6
15. c3 Na5 16. Bd5 c6 17. Ba2 O-O-O 18. Bb6 Qxd3 19. Qxd3 Rxd3 20. b4 Rxc3 21.
bxa5 Ba3 22. Be6+ Kb8 23. Bxg4 Rc4 24. Rxa3 1-0

[Event "Women's Speed Chess Q2"]
[Site "chess.com INT"]
[Date "2020.06.19"]
[Round "6"]
[White "Monteiro, Sara Cristina da Silva"]
[Black "Ziegenfuss, Antonia"]
[Result "0-1"]
[WhiteTitle "WCM"]
[BlackTitle "WFM"]
[WhiteElo "1709"]
[BlackElo "2101"]
[WhiteFideId "1909860"]
[BlackFideId "12962554"]
[EventDate "2020.06.19"]

1. d4 Nf6 2. Bg5 c5 3. Nf3 Ne4 4. Bh4 Nc6 5. e3 h6 6. Bd3 d5 7. Nbd2 Nxd2 8.
Qxd2 g5 9. Bg3 c4 10. Be2 Bg7 11. h4 g4 12. Ne5 h5 13. Nxc6 bxc6 14. f3 Bf5 15.
fxg4 hxg4 16. Rf1 e6 17. Qd1 Bf6 18. Bxg4 Bxh4 19. Bxh4 Qxh4+ 20. g3 Qxg3+ 21.
Kd2 Qxg4 22. Qe1 O-O-O 23. Rd1 Rh2+ 24. Rf2 Rxf2+ 25. Qxf2 Rg8 26. Kc1 Qg2 27.
Qd2 Qxd2+ 28. Rxd2 Rg1+ 29. Rd1 Rxd1+ 30. Kxd1 Kd7 31. c3 Ke7 32. Ke2 Kf6 33.
Kf3 Kg5 34. Kg3 Be4 35. b3 cxb3 36. axb3 a5 37. b4 a4 0-1

[Event "Women's Speed Chess Q2"]
[Site "chess.com INT"]
[Date "2020.06.19"]
[Round "6"]
[White "Sebag, Marie"]
[Black "Sihite, Chelsie Monica Ignesias"]
[Result "0-1"]
[WhiteTitle "GM"]
[BlackTitle "WIM"]
[WhiteElo "2438"]
[BlackElo "2252"]
[WhiteFideId "617822"]
[BlackFideId "7101198"]
[EventDate "2020.06.19"]

1. e4 e5 2. Nf3 Nc6 3. Bb5 a6 4. Ba4 Nf6 5. O-O b5 6. Bb3 Be7 7. Re1 d6 8. c3
O-O 9. h3 Na5 10. Bc2 c5 11. d4 cxd4 12. cxd4 Nc6 13. Nc3 Re8 14. d5 Na5 15. Ne2
Nc4 16. Ng3 Bd7 17. b3 Nb6 18. Be3 Qb8 19. Qd2 a5 20. Nh2 b4 21. f4 Rc8 22. Bd3
Rc3 23. Rac1 Qc7 24. Ne2 Rxc1 25. Rxc1 Qb7 26. Nf3 Rc8 27. fxe5 dxe5 28. Nxe5
Bd6 29. Nxd7 Nbxd7 30. Rxc8+ Qxc8 31. Nd4 g6 32. Nc6 Qe8 33. Qc2 Ne5 34. Bd4
Nxd3 35. Bxf6 Qxe4 36. Qd2 Bf4 0-1

[Event "Women's Speed Chess Q2"]
[Site "chess.com INT"]
[Date "2020.06.19"]
[Round "6"]
[White "Buksa, Nataliya"]
[Black "Shevtchenko, Olesya"]
[Result "1-0"]
[WhiteTitle "IM"]
[BlackTitle "WFM"]
[WhiteElo "2410"]
[BlackElo "2054"]
[WhiteFideId "14123622"]
[BlackFideId "24131890"]
[EventDate "2020.06.19"]

1. d4 Nf6 2. Nc3 c6 3. Bf4 b5 4. a3 d6 5. e4 Nbd7 6. Nf3 e6 7. e5 dxe5 8. dxe5
Nd5 9. Nxd5 cxd5 10. Bd3 Bc5 11. O-O a6 12. c3 h6 13. Nd4 Bb7 14. Qg4 Kf8 15.
Bg3 Qg5 16. Qe2 g6 17. f4 Qe7 18. Kh1 Kg7 19. Qf2 h5 20. Bh4 Qf8 21. Qg3 Kh7 22.
Nxe6 Qg8 23. Nd4 Nf8 24. Bf6 Bc8 25. f5 Bxd4 26. fxg6+ Nxg6 27. cxd4 Be6 28.
Bxh8 Qxh8 29. Bxg6+ fxg6 30. Rac1 Ra7 31. Rf6 Bf5 32. Qg5 Qg8 33. Rfc6 Qf7 34.
Rf6 Qg7 35. h3 Be4 36. Rfc6 Qd7 37. Kh2 a5 38. Qf6 b4 39. Rc8 Qg7 40. Qxg7+ Rxg7
41. R1c7 1-0

[Event "Women's Speed Chess Q2"]
[Site "chess.com INT"]
[Date "2020.06.19"]
[Round "6"]
[White "Hng, Mei-En Emmanuelle"]
[Black "Enkhtuul, Altan-Ulzii"]
[Result "0-1"]
[WhiteTitle "WFM"]
[BlackTitle "WGM"]
[WhiteElo "2029"]
[BlackElo "2228"]
[WhiteFideId "5804566"]
[BlackFideId "4901444"]
[EventDate "2020.06.19"]

1. b3 e5 2. Bb2 Nc6 3. Nf3 d6 4. e3 Nf6 5. Be2 g6 6. Nc3 Bg7 7. O-O O-O 8. d4 e4
9. Nd2 d5 10. Re1 Ne7 11. Nf1 c6 12. Ba3 Re8 13. Bxe7 Qxe7 14. a4 a5 15. Ng3 h5
16. Bf1 h4 17. Nge2 Bg4 18. h3 Bh5 19. Qd2 g5 20. g3 hxg3 21. Nxg3 Bg6 22. Be2
Qe6 23. Kg2 Nh7 24. Rh1 f5 25. h4 f4 26. exf4 gxf4 27. h5 f3+ 28. Kg1 Bf7 29.
Bf1 Bh6 30. Qe1 Kh8 31. Nd1 Rg8 32. Ne3 Qf6 33. Bh3 Qxd4 34. Rd1 Qf6 35. Ng4
Rxg4 36. Bxg4 Rg8 37. Bh3 Bf4 38. Kh2 e3 39. fxe3 Bxg3+ 40. Qxg3 Rxg3 41. Kxg3
Qg5+ 42. Kf2 Qh4+ 43. Kf1 Ng5 44. e4 Nxh3 45. Rd2 Qg5 46. exd5 Qxd2 0-1

[Event "Women's Speed Chess Q2"]
[Site "chess.com INT"]
[Date "2020.06.19"]
[Round "6"]
[White "Sedina, Elena"]
[Black "Sakorenko, Adriana"]
[Result "1-0"]
[WhiteTitle "IM"]
[BlackTitle "WFM"]
[WhiteElo "2299"]
[BlackElo "2216"]
[WhiteFideId "812153"]
[BlackFideId "34130249"]
[EventDate "2020.06.19"]

1. e4 e6 2. d4 d5 3. e5 c5 4. c3 Qb6 5. Nf3 Nc6 6. Be2 Nge7 7. dxc5 Qxc5 8. Bf4
Ng6 9. Bg3 h5 10. h3 Qb6 11. Qc2 h4 12. Bh2 Qc7 13. O-O Ngxe5 14. Nxe5 Nxe5 15.
Bb5+ Bd7 16. Bxd7+ Kxd7 17. Na3 a6 18. Rfe1 Bd6 19. Kh1 Ng6 20. Bxd6 Qxd6 21. c4
Rac8 22. Rad1 Ke7 23. Qb3 Rc7 24. cxd5 e5 25. Nc4 Qc5 26. d6+ 1-0

[Event "Women's Speed Chess Q2"]
[Site "chess.com INT"]
[Date "2020.06.19"]
[Round "6"]
[White "Sliwicka, Alicja"]
[Black "Stefanova, Antoaneta"]
[Result "0-1"]
[WhiteTitle "WIM"]
[BlackTitle "GM"]
[WhiteElo "2317"]
[BlackElo "2462"]
[WhiteFideId "1150677"]
[BlackFideId "2902257"]
[EventDate "2020.06.19"]

1. e4 c6 2. d4 d5 3. e5 c5 4. dxc5 e6 5. Be3 Qc7 6. Nf3 Bxc5 7. Bxc5 Qxc5 8. Bd3
Ne7 9. O-O Ng6 10. Nbd2 Qc7 11. Re1 Nc6 12. c4 Ncxe5 13. Bxg6 Nxg6 14. cxd5 O-O
15. Rc1 Qd8 16. dxe6 Bxe6 17. Nc4 Nf4 18. Qa4 a6 19. Nce5 Qf6 20. Rc7 b5 21. Qa3
Rfe8 22. Nc6 h6 23. Qd6 Nxg2 24. Ne7+ Rxe7 25. Qxe7 Qxe7 26. Rxe7 Nxe1 27. Nxe1
Bxa2 28. Nd3 a5 29. Rb7 b4 30. f3 Bd5 31. Kf2 Bxb7 0-1

[Event "Women's Speed Chess Q2"]
[Site "chess.com INT"]
[Date "2020.06.19"]
[Round "6"]
[White "Bulmaga, Irina"]
[Black "Kiran, Manisha Mohanty"]
[Result "1-0"]
[WhiteTitle "IM"]
[BlackTitle "WGM"]
[WhiteElo "2440"]
[BlackElo "2168"]
[WhiteFideId "13903063"]
[BlackFideId "5019575"]
[EventDate "2020.06.19"]

1. e4 c5 2. Nf3 d6 3. d4 cxd4 4. Nxd4 Nf6 5. Nc3 Nc6 6. f3 e5 7. Nb3 a5 8. Bb5
Be7 9. Be3 O-O 10. Qd2 Na7 11. a4 Be6 12. Rd1 Nxb5 13. Nxb5 d5 14. exd5 Nxd5 15.
O-O Qc8 16. Bf2 Rd8 17. Qe2 Nf4 18. Qxe5 Rxd1 19. Rxd1 Qxc2 20. Rf1 Nd3 21. Qc7
Qxb3 22. Qxe7 h6 23. Nd4 Qd5 24. Nxe6 fxe6 25. Bg3 Rd8 26. h4 Rd7 27. Qe8+ Kh7
28. Kh2 Ne5 29. Re1 Nxf3+ 30. gxf3 Qd2+ 31. Kh3 1-0

[Event "Women's Speed Chess Q2"]
[Site "chess.com INT"]
[Date "2020.06.19"]
[Round "6"]
[White "Diakonova, Ekaterina"]
[Black "Gunina, Valentina"]
[Result "0-1"]
[BlackTitle "GM"]
[WhiteElo "2209"]
[BlackElo "2431"]
[WhiteFideId "24172936"]
[BlackFideId "4167570"]
[EventDate "2020.06.19"]

1. e4 c6 2. Nf3 d5 3. Nc3 Bg4 4. h3 Bxf3 5. Qxf3 Nf6 6. Be2 e6 7. O-O Nbd7 8. d4
dxe4 9. Nxe4 Nxe4 10. Qxe4 Nf6 11. Qd3 Bd6 12. b3 Qc7 13. Bb2 O-O 14. c4 Rad8
15. Qc2 Rfe8 16. Bf3 e5 17. dxe5 Bxe5 18. Rfe1 h6 19. Bxe5 Rxe5 20. Rxe5 Qxe5
21. Rd1 Rxd1+ 22. Qxd1 g6 23. g3 Kg7 24. Kg2 Qb2 25. a4 Qc3 26. Kg1 h5 27. Kg2
Nh7 28. h4 Nf6 29. Qb1 Nd7 30. b4 Ne5 31. Be2 Nxc4 32. Bxc4 Qxc4 33. Qb2+ Kg8
34. a5 Qe4+ 35. Kg1 b6 36. axb6 axb6 37. Qd2 Qd5 38. Qe2 Qd4 39. Qe8+ Kg7 40.
Qxc6 Qxb4 41. Qd5 Qc5 42. Qd2 b5 43. Qb2+ Kg8 44. Qf6 b4 45. Qd8+ Kg7 46. Kg2 b3
47. Qb8 Qc3 48. Qb7 b2 49. Qb8 Qc6+ 50. Kh2 Qc3 51. Kg2 Qd4 52. Qb5 Qe4+ 53. Kh2
b1=Q 0-1

[Event "Women's Speed Chess Q2"]
[Site "chess.com INT"]
[Date "2020.06.19"]
[Round "6"]
[White "Chen, Yining"]
[Black "Andriasyan, Siranush"]
[Result "0-1"]
[WhiteTitle "WCM"]
[BlackTitle "WIM"]
[WhiteElo "1745"]
[BlackElo "2298"]
[WhiteFideId "8620946"]
[BlackFideId "13301926"]
[EventDate "2020.06.19"]

1. d4 Nf6 2. c4 e6 3. Nf3 c5 4. d5 b5 5. dxe6 fxe6 6. cxb5 d5 7. Bg5 Be7 8. Nc3
O-O 9. e3 Bb7 10. Be2 Nbd7 11. O-O Qe8 12. a4 Rd8 13. Qc2 e5 14. Rfd1 d4 15.
exd4 cxd4 16. Na2 Rc8 17. Bc4+ Kh8 18. Bxf6 Bxf6 19. Nd2 Qh5 20. b3 Bh4 21. f3
Bg5 22. Ne4 Bf4 23. h3 Qg6 24. Qe2 Be3+ 25. Kh1 Nf6 26. Nd6 Nh5 27. Qd3 Qxd6 28.
Qxe3 Nf4 29. Qe1 Qg6 30. Qg1 Rf6 31. Nb4 Qh5 32. Nd3 Nxh3 33. gxh3 Qxh3+ 34. Qh2
Bxf3+ 35. Kg1 Rg6+ 36. Kf2 Qxh2+ 37. Kxf3 Qg2# 0-1

[Event "Women's Speed Chess Q2"]
[Site "chess.com INT"]
[Date "2020.06.19"]
[Round "6"]
[White "Paehtz, Elisabeth"]
[Black "Shafigullina, Zarina"]
[Result "1-0"]
[WhiteTitle "IM"]
[BlackTitle "WFM"]
[WhiteElo "2473"]
[BlackElo "2296"]
[WhiteFideId "4641833"]
[BlackFideId "24174220"]
[EventDate "2020.06.19"]

1. d4 Nf6 2. Nf3 e6 3. Bf4 c5 4. e3 Nc6 5. c3 b6 6. Nbd2 Bb7 7. Bd3 d6 8. h3 Be7
9. Bh2 O-O 10. O-O Re8 11. Qe2 cxd4 12. exd4 Bf8 13. Rad1 Qc7 14. Nc4 Rad8 15.
Ng5 h6 16. Ne4 Nd5 17. Bb1 b5 18. Ne3 a6 19. Qc2 f5 20. Nxd5 exd5 21. Ng3 g6 22.
Ne2 Nb4 23. Qd2 Nc6 24. Nf4 Qf7 25. Bc2 Nb8 26. h4 Nd7 27. h5 g5 28. Ng6 Bg7 29.
Qd3 f4 30. Rde1 Nf6 31. a4 bxa4 32. Bxa4 Rxe1 33. Rxe1 Nxh5 34. Re7 Qf6 35. Rxb7
f3 36. gxf3 Nf4 37. Bxf4 gxf4 38. Kf1 h5 39. Bc2 h4 40. Ne7+ Kf8 41. Qh7 Re8 42.
Qg8# 1-0

[Event "Women's Speed Chess Q2"]
[Site "chess.com INT"]
[Date "2020.06.19"]
[Round "6"]
[White "Meenakshi, Subbaraman"]
[Black "Golubenko, Valentina"]
[Result "1-0"]
[WhiteTitle "WGM"]
[BlackTitle "WGM"]
[WhiteElo "2171"]
[BlackElo "2209"]
[WhiteFideId "5004381"]
[BlackFideId "4501993"]
[EventDate "2020.06.19"]

1. d4 g6 2. c4 Bg7 3. Nc3 c5 4. Nf3 cxd4 5. Nxd4 Nc6 6. e3 Nf6 7. Be2 O-O 8. b3
d6 9. Bb2 e5 10. Nxc6 bxc6 11. O-O d5 12. cxd5 cxd5 13. Bf3 Be6 14. e4 d4 15.
Na4 Rc8 16. Rc1 Qd6 17. Qd3 Bd7 18. Be2 Bxa4 19. bxa4 Qb4 20. Ba3 Qxa4 21. Bxf8
Rxc1 22. Rxc1 Bxf8 23. f3 Qxa2 24. Bd1 a5 25. Bb3 Qa3 26. Rc7 Qa1+ 27. Kf2 Qb2+
28. Qc2 Qxc2+ 29. Bxc2 Bb4 30. Bb3 d3 31. Rxf7 Nh5 32. g4 a4 33. Ba2 d2 34. Ke2
Ng7 35. Rb7+ Kf8 36. Rxb4 Ne8 37. Kxd2 Nd6 38. Rxa4 Ke7 39. Ra7+ Kf6 40. Ra6 Ke7
41. Rxd6 Kxd6 42. g5 Ke7 43. Bg8 Kf8 44. Bd5 Ke7 45. h4 Kf8 46. Ke3 Kg7 47. f4
exf4+ 48. Kxf4 h6 49. e5 hxg5+ 50. Kxg5 Kh7 51. Kf6 Kh6 52. e6 Kh5 53. e7 Kxh4
54. e8=Q g5 55. Qe4+ Kh5 56. Bf7+ Kh6 57. Qg6# 1-0

[Event "Women's Speed Chess Q2"]
[Site "chess.com INT"]
[Date "2020.06.19"]
[Round "6"]
[White "Yu, Jennifer"]
[Black "Maltsevskaya, Aleksandra"]
[Result "0-1"]
[WhiteTitle "FM"]
[BlackTitle "WGM"]
[WhiteElo "2315"]
[BlackElo "2272"]
[WhiteFideId "2078341"]
[BlackFideId "24174041"]
[EventDate "2020.06.19"]

1. d4 Nf6 2. c4 c5 3. d5 b5 4. cxb5 a6 5. bxa6 e6 6. Nc3 exd5 7. Nxd5 Be7 8. Nf3
O-O 9. e3 Rxa6 10. Bxa6 Bxa6 11. Nxe7+ Qxe7 12. Bd2 d5 13. Qc2 Ne4 14. a3 Nc6
15. b4 Rc8 16. Qa4 Bc4 17. b5 Ne5 18. Nxe5 Qxe5 19. Rc1 Qf5 20. f3 Nxd2 21. e4
Nxe4 22. fxe4 Qxe4+ 23. Kf2 Qe2+ 24. Kg3 Qe3+ 25. Kh4 Re8 0-1

[Event "Women's Speed Chess Q2"]
[Site "chess.com INT"]
[Date "2020.06.19"]
[Round "6"]
[White "Huda, Maryana"]
[Black "Kiolbasa, Oliwia"]
[Result "1-0"]
[WhiteTitle "WGM"]
[BlackTitle "WIM"]
[WhiteElo "2128"]
[BlackElo "2160"]
[WhiteFideId "14116553"]
[BlackFideId "1154613"]
[EventDate "2020.06.19"]

1. e4 e5 2. Nf3 Nc6 3. d4 exd4 4. Nxd4 Bc5 5. Nxc6 Qf6 6. Qf3 dxc6 7. Nc3 Be6 8.
Be3 Bb4 9. Qxf6 Nxf6 10. f3 O-O-O 11. Bd3 Rhe8 12. Kf2 Bxc3 13. bxc3 b6 14. Rhd1
Nd7 15. Ba6+ Kb8 16. a4 Ne5 17. Bd4 f6 18. a5 Nc4 19. axb6 cxb6 20. Rdb1 Ka8 21.
Bxc4 Bxc4 22. Bxb6 Rd2+ 23. Kg3 a6 24. Rb4 Bb5 25. c4 Rb8 26. Be3 Re2 27. Bf4 c5
28. Rb2 1-0

[Event "Women's Speed Chess Q2"]
[Site "chess.com INT"]
[Date "2020.06.19"]
[Round "6"]
[White "Mohota, Nisha"]
[Black "Antova, Gabriela"]
[Result "1-0"]
[WhiteTitle "IM"]
[BlackTitle "FM"]
[WhiteElo "2195"]
[BlackElo "2255"]
[WhiteFideId "5004330"]
[BlackFideId "2915235"]
[EventDate "2020.06.19"]

1. e4 c5 2. Nf3 Nc6 3. Bb5 e6 4. O-O Nge7 5. Re1 a6 6. Bf1 e5 7. Nc3 d6 8. h3 g6
9. a4 Bg7 10. Bc4 O-O 11. d3 h6 12. Nd5 Kh7 13. c3 Rb8 14. Bd2 b5 15. axb5 axb5
16. Ba2 f5 17. exf5 Bxf5 18. Nxe7 Nxe7 19. Qe2 Qd7 20. d4 e4 21. Nh2 cxd4 22.
cxd4 Bxd4 23. Bxh6 Bg7 24. Bxg7 Kxg7 25. Qe3 d5 26. Qd4+ Rf6 27. Re3 Qd6 28. Ng4
Nc6 29. Qxf6+ Qxf6 30. Nxf6 Kxf6 31. Bxd5 Nb4 32. Bxe4 Rd8 33. Bxf5 gxf5 34. Rb3
Rd4 35. Ra5 1-0

[Event "Women's Speed Chess Q2"]
[Site "chess.com INT"]
[Date "2020.06.19"]
[Round "6"]
[White "Vijayalakshmi, Subbaraman"]
[Black "Vantika, Agrawal"]
[Result "1-0"]
[WhiteTitle "IM"]
[BlackTitle "WIM"]
[WhiteElo "2332"]
[BlackElo "2286"]
[WhiteFideId "5004098"]
[BlackFideId "25050389"]
[EventDate "2020.06.19"]

1. Nf3 Nf6 2. d4 g6 3. Bf4 Bg7 4. Nbd2 O-O 5. e4 d6 6. Bd3 c5 7. c3 cxd4 8. cxd4
Nc6 9. O-O Bg4 10. h3 Bxf3 11. Nxf3 Rc8 12. Qe2 a6 13. Rac1 Qd7 14. Qd2 Nh5 15.
Be3 e5 16. d5 Ne7 17. Qb4 Nf4 18. Bxf4 exf4 19. Nd2 Rxc1 20. Rxc1 Rc8 21. Rxc8+
Nxc8 22. Nc4 Qc7 23. a4 Bd4 24. b3 b6 25. Qd2 g5 26. Qe2 Kg7 27. e5 dxe5 28. Qe4
Nd6 29. Qxh7+ Kf8 30. Qh6+ Ke7 31. Qxg5+ Kd7 32. Nxe5+ 1-0

[Event "Women's Speed Chess Q2"]
[Site "chess.com INT"]
[Date "2020.06.19"]
[Round "6"]
[White "Shpanko, Nadiia"]
[Black "Hejazipour, Mitra"]
[Result "0-1"]
[WhiteTitle "WIM"]
[BlackTitle "WGM"]
[WhiteElo "2235"]
[BlackElo "2300"]
[WhiteFideId "14132400"]
[BlackFideId "12505951"]
[EventDate "2020.06.19"]

1. d4 Nf6 2. c4 e6 3. Nc3 Bb4 4. Qc2 d5 5. a3 Bxc3+ 6. Qxc3 O-O 7. Nf3 b6 8. Bf4
Ba6 9. e3 Nbd7 10. Qc2 c5 11. cxd5 Bxf1 12. Kxf1 Nxd5 13. Bd6 Re8 14. dxc5 bxc5
15. Bg3 Qb6 16. h3 Rec8 17. Kg1 N7f6 18. Kh2 Nh5 19. Be5 f6 20. g4 fxe5 21. gxh5
Qd6 22. Qe4 Nf6 23. Qxe5 Qxe5+ 24. Nxe5 Nxh5 25. Rhd1 Nf6 26. f4 Rab8 27. Rab1
Rb3 28. Rd6 Rxe3 29. Rxe6 Re2+ 30. Kg3 Rb8 31. b4 Re3+ 32. Kf2 Rxa3 33. Rg1 Ra2+
34. Ke3 Ra3+ 35. Kd2 Ne4+ 36. Kc2 Rc3+ 37. Kd1 Rd8+ 38. Ke2 Rd2+ 39. Ke1 Rc1# 0-1

[Event "Women's Speed Chess Q2"]
[Site "chess.com INT"]
[Date "2020.06.19"]
[Round "6"]
[White "Munkhzul, Turmunkh"]
[Black "Ambartsumova, Karina"]
[Result "1/2-1/2"]
[WhiteTitle "WIM"]
[BlackTitle "IM"]
[WhiteElo "2278"]
[BlackElo "2371"]
[WhiteFideId "4901878"]
[BlackFideId "4166299"]
[EventDate "2020.06.19"]

1. e4 c5 2. Nf3 e6 3. d4 cxd4 4. Nxd4 a6 5. Bd3 Bc5 6. Nb3 Ba7 7. Qe2 Ne7 8. Be3
Bxe3 9. Qxe3 d6 10. O-O e5 11. c4 Be6 12. Nc3 Nd7 13. Rfd1 Qb6 14. Qxb6 Nxb6 15.
Nd5 Bxd5 16. cxd5 O-O-O 17. Rac1+ Kb8 18. Na5 Rc8 19. b3 Rxc1 20. Rxc1 Rc8 21.
Rxc8+ Nexc8 22. Be2 Kc7 23. g3 Ne7 24. Kg2 f5 25. f3 Nd7 26. Nc4 Nc5 27. Nd2 Kb6
28. Nc4+ Kc7 29. Nd2 b5 30. Kf2 f4 31. Ke1 g5 32. g4 Ng6 33. Bf1 Kb6 34. a3 Nh4
35. Kd1 Nd7 36. Kc2 Kc5 37. Kc3 Kb6 38. Kc2 Ng6 39. Kc3 Nf6 40. h3 Nh4 41. Kc2
Nd7 42. Kc3 Nc5 43. Kc2 Ng6 44. Kc3 Nh4 45. Kc2 Nd7 46. Kc3 Ng6 47. Kc2 Nh4 1/2-1/2